| 000 | 01211nam a22002657a 4500 | ||
|---|---|---|---|
| 999 |
_c7643 _d7643 |
||
| 003 | AR-CdUCM | ||
| 008 | 190321b ||||| |||| 00| 0 spa d | ||
| 040 |
_aMUNICIPALIDAD PROVINCIAL DEL CUSCO _cBIBLIOTECA MUNICIPAL DEL CUSCO |
||
| 041 | _heng | ||
| 082 |
_a633 / _bC95 |
||
| 110 |
_aUniversidad de Filipinas _921579 |
||
| 245 |
_aCultivo del arroz : _bManual de producción / |
||
| 260 |
_aMéxico D. F. : _bLimusa, _c1975. |
||
| 300 |
_a426 páginas ; _btablas, figuras, lámina, mapa, _c26 cm. |
||
| 500 | _aCentro Regional de ayuda Técnica. | ||
| 505 | _aContenido: Estadísticas básicas sobre la producción internacional de arroz -- Morfología de la planta de arroz y tipos varietales -- Crecimiento y desarrollo de la planta -- Tipos de plantas y características varietales -- Producción, germinación y manejo de semillas ... | ||
| 650 |
_aArroz _921580 |
||
| 650 |
_aProducción _91785 |
||
| 650 |
_aMétodos para plantar arroz _921581 |
||
| 700 |
_aContin, Agustin (traducción) _921582 |
||
| 710 |
_aAgencia para el Desarrollo Internacional AID. _910049 |
||
| 710 |
_aInstituto Internacional para la investigación del arroz (colaborador) _921583 |
||
| 942 |
_2ddc _cLIBROS |
||
| 945 | _aachl | ||